Answers Contain "Cup" 🏆 - Statistics

General Stats
  • This quiz has been taken 179 times
    75 since last reset
  • The average score is 8 of 15
Answer Stats
Hint Answer % Correct
Furniture for enclosing items stored in the home cupboard
91%
Sweet, baked good intended for one person cupcake
90%
Kitchen utensil for determining quantity measuring cup
81%
Flower of genus ranunculus, often yellow buttercup
80%
Since 1930, soccer tournament every 4 years FIFA World Cup
76%
Since 1893, NHL championship trophy Stanley Cup
59%
God of desire in classical mythology Cupid
51%
Since 1927, bienneial golf competition Ryder Cup
49%
Since 1851, trophy awarded in sailing America's Cup
47%
1996 golf movie starring Kevin Costner Tin Cup
44%
1928: Creation of this popular Hershey candy Reese's Peanut Butter Cup
40%
Since 1900, international men's tennis team event Davis Cup
34%
California city where Apple is headquartered Cupertino
33%
1971: Invention of this instant ramen by Nissin Foods Cup Noodles
31%
Traditional children's toy (aka balero or bilboquet) cup-and-ball
24%
No matching quizzes found
Score Distribution
Percent of People with Each Score
Percentile by Number Answered
Your Score History
You have not taken this quiz since the last reset